01227nam a22003737a 4500003000400000005001700004008004100021040002200062082001800084100002900102245007000131260002900201300001900230366000800249490002500257505001700282505001900299505002100318505001900339505002200358505002600380505001600406505001800422505003800440505003800478505001700516650004100533650004400574650005500618650004800673650004300721650004500764651004400809OSt20230518125108.0221006b |||||||| |||| 00| 0 eng d cBiblioteca Lado V a701.18bA658t aAraeen, Rasheedeeditora aThird Text/bCritical Perspectives on Contemporary Art & Culture/ bRoutledgec2004aLondres c19x25cma230p. espa a5v18v70x0952-8822 aIan Chambers aVincent Pecoil aAlejandro Anreus aEmanuela Guano aJoao Marcelo Melo aMartha I Chew Sanchez aCarol Magee aBernard Smith aReviewsgAdele Tan Kathy Batista aReviewsgAndrew Budge Wendy Shaw aContributors 2Tesauro de Arte & ArquitecturaaARTE 2Tesauro de Arte & ArquitecturaaCRITICA 2Tesauro de Arte & ArquitecturaaARTE CONTEMPORANEO 2Tesauro de Arte & ArquitecturaaAPRECIACION 2Tesauro de Arte & ArquitecturaaTEORIA 2Tesauro de Arte & ArquitecturaaANALISIS 2Tesauro de Arte & ArquitecturaaLONDRES